Top 20 des meilleurs joueurs de Rocket League - Statistiques

Statistiques générales
  • Ce quiz a été pris 989 fois
  • Le résultat moyen est 8 sur 20
Statistiques - réponses
Nationalité Joueur % Correct
Français Zen
99%
Français Vatira
90%
Belge Atow
77%
Marocain Itachi
73%
Français Radosin
57%
Français Alpha 54
54%
Français Exo Tiik
52%
Français Seikoo
45%
Anglais Rise
43%
Polonais Oski
42%
Anglais ApparentlyJack
34%
Americain Atomic
29%
Américain Firstkiller
27%
Portugais Acronik
21%
Chilien Reysbull
19%
Espagnol Crr
18%
Américain Chronic
11%
Saoudien Kiileerrz
10%
Français M0nkey M00n
10%
Américain Lj
9%
Aucun quiz correspondant
Distribution des résultats
% des personnes avec chaque résultat
Percentile par nombre de réponses
Votre historique - résultats
Vous n’avez pas pris ce quiz